Datum a čas kvízu
35.5
Celkem bodů
Celkový počet nahraných bodů na tomto kvízu bez doplňovacích otázek.
12.
Pořadí na kvízu
Konečné umístění týmu na tomto kvízu.
Zaznamenané odpovědi
| # | Otázka | Odpověď | Body | Výsledky |
|---|---|---|---|---|
| 1. | Na oficiální návštěvu České re... | Finsko | 1 | |
| 2. | Kterému fenoménu je věnovaný w... | UFO | 1 | |
| 3. | V pátek oslavil významný brits... | (sir) David Attenborough; 100 let | 1 | |
| 4. | Minulý týden informovala média... | B | 1 | |
| 5. | Obrovského úspěchu dosáhla Rac... | A | 1 | |
| 6. | Téma začneme jednou z nejoblíb... | Matěj Kotrba | 0.5 | |
| 7. | V roce 2023 jsme mohli v kinec... | Oppenheimer | 1 | |
| 8. | Která herečka si zahrála krásn... | Diane Kruger | 1 | |
| 9. | Půl bodu obdržíte za název fil... | Statečné srdce (Braveheart); Mel Gibson | 0 | |
| 10. | Který režisér je podepsán pod... | C | 1 |